Statystyki dla TOP 20 Największych Miast USA #2

Kliknij tutaj aby rozwiązać quiz!

Ogólne statystyki

  • Ten quiz został rozwiązany 21 razy
  • Średni wynik to 9 z 20

Statystyki odpowiedzi

StanLudnośćMiasto% Poprawnych
Teksas709 893Austin
100%
Indiana785 597Indianapolis
94%
Georgia486 411Atlanta
88%
Oklahoma537 734Oklahoma City
82%
Nowy Meksyk504 949Albuquerque
71%
Teksas609 415El Paso
59%
Floryda220 186Orlando
59%
Alaska278 700Anchorage
47%
Kalifornia334 425Anaheim
35%
Teksas196 084Irving
35%
Kalifornia397 067Oakland
35%
Nebraska427 872Omaha
35%
Wirginia199 776Arlington
24%
Teksas367 197Arlington
24%
Kolorado303 582Aurora
24%
Ohio209 704Akron
18%
Teksas185 525Amarillo
18%
Kalifornia193 956Irvine
18%
Nowy Jork197 852Yonkers
18%
Georgia189 366Augusta
12%

Rozkład punktacji

Percentyl według liczby udzielonych odpowiedzi

Procent ludzi z każdym wynikiem

Twoja historia wyników

Nie rozwiązałeś tego quizu